000 00902nam a2200289 a 4500
008
020 _a9780521816458 (paperback)
040 _aNUST
_cNUST
049 _aMAIN
090 _aHE79.E5
_bCOM
100 1 _aCommon, Mick
245 1 0 _aEcological Economics:
_ban introduction /
_cCommon Mick and Sigrid Stagl
260 _aNew york :
_bCambridge University Press.
_c2005
300 _axxxii, 560 pages :
_billustrations ;
_c26 cm
336 _atext
_btxt
_2rdacontent
337 _aunmediated
_bn
_2rdamedia
338 _avolume
_bnc
_2rdacarrier
504 _aIncludes bibliographical references
500 _aIncludes index
650 1 _aEcological Economics
650 _aThermodynamics
700 _aSigrid Stagl
907 _a.b10402640
_b01-06-21
_c21-05-21
003
005 20230123141156.0
942 _cBOOKS
_kHE79.E5
_mCOM
999 _c168962
_d168962